Statistics for Generator Puzzle #32

Click here to take the quiz!

General Stats

  • This quiz has been taken 317 times
  • The average score is 15 of 21

Answer Stats

Hint Answer % Correct
Urban legendMyth
90%
Bashful, timidShy
89%
Belonging to themTheir
88%
Three timesThrice
86%
Having the most moneyRichest
86%
Blouse for men?Shirt
85%
Kitchen herbThyme
84%
Bel-Air's WillSmith
82%
Jay, ray, bay, hay etc.Rhyme
81%
MessiahChrist
77%
Abominable snowmanYeti
77%
Grim Reaper's bladeScythe
74%
Scratchy's nemesisItchy
72%
Solitary recluseHermit
67%
Next in line; beneficiaryHeir
66%
"______ loves company."Misery
61%
Occultist, fortune tellerMystic
58%
9-Letter WordCHEMISTRY
50%
Dear, in FranceCher
46%
Forgiveness, leniencyMercy
39%
Gag, almost vomitRetch
36%

Score Distribution

Percentile by Number Answered

Percent of People with Each Score

Your Score History

You have not taken this quiz